000 00359nam a2200145Ia 4500
008 191201s2010 xx 000 0 und d
082 _a519.3
_bDEO
100 _aDEB,Kalyanmoy
245 0 _aOptimization for engineering desing algorithms…..
250 _aRep
260 _aN. delhi
_bPHI
_c2010
300 _a381
650 _aM.Tech (ME)
942 _2ddc
_cBK
999 _c5081
_d5081